| 000 | 00461nam a2200181Ia 4500 | ||
|---|---|---|---|
| 005 | 20260413110822.0 | ||
| 008 | 231207s9999 xx 000 0 und d | ||
| 020 | _a9780201884203 | ||
| 040 | _cPK-LaNCA | ||
| 082 |
_a006.66 _bFOL |
||
| 100 | _aFoley, Don | ||
| 245 | 0 | _aAnimation and 3D modeling on the Mac | |
| 260 |
_bPeachpit Press _aBerkeley _c1995 |
||
| 300 |
_a144p _bill |
||
| 546 | _aEnglish | ||
| 650 | _aAnimation Computer graphics. | ||
| 942 | _cBK | ||
| 999 |
_c13710 _d13710 |
||